000 00507nam a2200193Ia 4500
008 151121s9999||||xx |||||||||||||| ||und||
082 _a910 /Pan
082 _bHNW-66546
100 _aPanikkar K। M।
245 4 _aThe Himalayas In Indian Life
260 _b"Bharatiya Vidya Bhavan,"
260 _c--
300 _a39
600 _aPanikkar K। M।
630 _aThe Himalayas In Indian Life
700 _aPanikkar K। M।
730 _aThe Himalayas In Indian Life
942 _cBOOK
999 _c1248043
_d1248040